00346nam a2200133 a 4500008004100000050001400041100002500055245003600080260003700116300001600153350000900169650001400178650002000192120416s1966 ||||||||||||||||| || u aHD 82 Kuz aKuznets, Simon Smith10aSix lectures on economic growth aNew YorkbThe Free Pressc(1966) a122p. : ill a0.00 0aECONOMICS aECONOMIC GROWTH